Phân tích và thiết kế kết cấu bằng phần mềm SAP 2000

محفوظ في:
التفاصيل البيبلوغرافية
المؤلف الرئيسي: BÙI ĐỨC VINH
التنسيق: كتاب
اللغة:Undetermined
منشور في: Tp. HCM Thống Kê 2001
الموضوعات:
الوسوم: إضافة وسم
لا توجد وسوم, كن أول من يضع وسما على هذه التسجيلة!
Thư viện lưu trữ: Trung tâm Học liệu Trường Đại học Cần Thơ
LEADER 00552nam a2200169Ia 4500
001 CTU_45510
008 210402s9999 xx 000 0 und d
082 |a 005.3 
082 |b V312/T1 
100 |a BÙI ĐỨC VINH 
245 0 |a Phân tích và thiết kế kết cấu bằng phần mềm SAP 2000 
245 0 |c BÙI ĐỨC VINH 
260 |a Tp. HCM 
260 |b Thống Kê 
260 |c 2001 
650 |a sap ( computer programs ),construction data processing 
980 |a Trung tâm Học liệu Trường Đại học Cần Thơ